Fundamental statistics in physical education and sports sciences/ (Record no. 15191)

000 -LEADER
fixed length control field 00449nam a22001571a 4500
020 ## - INTERNATIONAL STANDARD BOOK NUMBER
ISBN 9788178792767
082 ## - DEWEY DECIMAL CLASSIFICATION NUMBER
Classification number 796.021
Item number DHA/F
100 ## - MAIN ENTRY--AUTHOR NAME
Personal name Dhananjoy Shaw
245 ## - TITLE STATEMENT
Title Fundamental statistics in physical education and sports sciences/
Statement of responsibility, etc by Dhananjoy Shaw
260 ## - PUBLICATION, DISTRIBUTION, ETC. (IMPRINT)
Place of publication New Delhi:
Name of publisher Sports Publications,
Year of publication 2006.
300 ## - PHYSICAL DESCRIPTION
Number of Pages 218p.
650 ## - SUBJECT ADDED ENTRY--TOPICAL TERM
Topical Term Statistics Physical education
650 ## - SUBJECT ADDED ENTRY--TOPICAL TERM
Topical Term Physical Education
650 ## - SUBJECT ADDED ENTRY--TOPICAL TERM
Topical Term Sports
942 ## - ADDED ENTRY ELEMENTS (KOHA)
Koha item type Book
Holdings
Withdrawn status Lost status Damaged status Not for loan Permanent Location Current Location Date acquired Cost, normal purchase price Full call number Accession Number Cost, replacement price Price effective from Koha item type
        Sree Sankaracharya University of Sanskrit Sree Sankaracharya University of Sanskrit 08.01.2015 450.00 796.021 DHA/F 055359 0.00 08.01.2015 Book